Primera guia de l'arxiu històric de Sabadell / Josep M. Benaul Berenguer
ISBN:
84-404-7502-0
Descripción Física:
45 p. : il. ; 24 cm
Materias:
Arxiu Històric de Sabadell -- Guies
MARC
| LEADER | 00000nam a2200000Ia 4500 | ||
|---|---|---|---|
| 001 | 9112 | ||
| 008 | 160829s1990 xx 000 0 cat d | ||
| 020 | |a 84-404-7502-0 | ||
| 080 | |a FU-9-56 | ||
| 100 | |a Benaül i Berenguer, Josep M. |9 27086 | ||
| 245 | |a Primera guia de l'arxiu històric de Sabadell / Josep M. Benaul Berenguer | ||
| 260 | |a Sabadell : |b Arxiu Històric, |c 1990 | ||
| 300 | |a 45 p. : |b il. ; |c 24 cm | ||
| 590 | |a Hi ha un duplicat: R. 9148, DUP-21-43 | ||
| 650 | |a Arxiu Històric de Sabadell |x Guies |9 23650 | ||
| 710 | 2 | |a Arxiu Històric de Sabadell |9 56045 | |
| 901 | |a Arxiu | ||
| 942 | |n 1 | ||
| 952 | |0 0 |1 0 |4 0 |6 FU956 |7 1 |9 42793 |a Arxiu |b Arxiu |d 2016-12-01 |l 0 |o FU-9-56 |p 9112 |r 2016-12-01 00:00:00 |w 2016-12-01 |y ARXIU | ||
| 999 | |c 45299 |d 45299 | ||